হলদে বাড়ির রহস্য ও দিনে ডাকাতি / (Record no. 12806)
[ view plain ]
| 000 -LEADER | |
|---|---|
| fixed length control field | 00757nam a2200229 a 4500 |
| 001 - CONTROL NUMBER | |
| JCCL Control Number | 12806 |
| 003 - CONTROL NUMBER IDENTIFIER | |
| JCCL marc code | BD-JhCC |
| 005 - DATE AND TIME OF LATEST TRANSACTION | |
| control field | 20230514195704.0 |
| 008 - FIXED-LENGTH DATA ELEMENTS--GENERAL INFORMATION | |
| fixed length control field | 230514b19782017ii |||| ||a| 00| 0 ben d |
| 020 ## - INTERNATIONAL STANDARD BOOK NUMBER | |
| International Standard Book Number | 9788170669227 |
| 035 ## - SYSTEM CONTROL NUMBER | |
| system control number | (BD-JhCC)12806 |
| 040 ## - CATALOGING SOURCE | |
| Original cataloging agency | BD-JhCC |
| Modifying agency | BD-JhCC |
| 041 ## - LANGUAGE CODE | |
| Language code of Book | Bengali |
| 082 ## - DEWEY DECIMAL CLASSIFICATION NUMBER | |
| Classification number | 891.443 |
| Author mark and Year | GAN 2017 |
| 100 ## - MAIN ENTRY--PERSONAL NAME | |
| Personal name | গঙ্গোপাধ্যায়, সুনীল |
| 245 ## - TITLE STATEMENT | |
| Title | হলদে বাড়ির রহস্য ও দিনে ডাকাতি / |
| Statement of responsibility, etc | সুনীল গঙ্গোপাধ্যায়। |
| 260 ## - PUBLICATION, DISTRIBUTION, ETC. (IMPRINT) | |
| Place of publication, distribution, etc | কলকতা: |
| Name of publisher, distributor, etc | আনন্দ পাবলিশার্স ; |
| Date of publication, distribution, etc | ২০১৭. |
| 300 ## - PHYSICAL DESCRIPTION | |
| Pagination | 79 p. : |
| Dimensions | 22 cm. |
| 650 ## - SUBJECT ADDED ENTRY--TOPICAL TERM | |
| Topical term or geographic name as entry element | Novel |
| 942 ## - ADDED ENTRY ELEMENTS (KOHA) | |
| Source of classification or shelving scheme | Dewey Decimal Classification |
| Koha item type | Books |
| Source of classification or shelving scheme | Damaged status | Not for loan | Home library | Current library | Shelving location | Date of accession | Cost, normal purchase price | Total Checkouts | Full call number | Barcode | Date last seen | Date checked out | Copy number | Method of acquisition | Koha item type | Currency |
|---|---|---|---|---|---|---|---|---|---|---|---|---|---|---|---|---|
| Dewey Decimal Classification | JCC Rouf Library | JCC Rouf Library | General Stacks | 05/14/2023 | 100.00 | 1 | 891.443 GAN 2017 | 17642 | 11/13/2023 | 11/07/2023 | C-1 | Purchase | Books | BDT |